Reason to believe. (Record no. 16005)

000 -LEADER
fixed length control field 01012nam a2200241 a 4500
001 - CONTROL NUMBER
control field :::00018604$&:&@@
003 - CONTROL NUMBER IDENTIFIER
control field OkBaRHE
005 - DATE AND TIME OF LATEST TRANSACTION
control field 20090506133634.0
008 - FIXED-LENGTH DATA ELEMENTS--GENERAL INFORMATION
fixed length control field s1978 j 000 0 eng u
040 ## - CATALOGING SOURCE
Transcribing agency
100 1# - MAIN ENTRY--PERSONAL NAME
Personal name Sproul, R. C. (Robert Charles), 1939 -
245 10 - TITLE STATEMENT
Title Reason to believe.
260 ## - PUBLICATION, DISTRIBUTION, ETC. (IMPRINT)
Date of publication, distribution, etc 1978
300 ## - PHYSICAL DESCRIPTION
Extent 160 p.
520 ## - SUMMARY, ETC.
Summary, etc Reprint. Originally published: Objections answered. Gospel Light, 1978.
650 ## - SUBJECT ADDED ENTRY--TOPICAL TERM
Topical term or geographic name as entry element Apologetics
General subdivision 20th Century
942 ## - ADDED ENTRY ELEMENTS (KOHA)
Source of classification or shelving scheme
Koha item type Books
Copies
Current Location Source of classification or shelving scheme Date checked out Full call number Lost status Total Checkouts Koha item type Price effective from Not for loan Total Renewals Checked out Withdrawn status Shelving location Date last seen Copy number Barcode Damaged status Permanent Location Date acquired
   BT 1102 .S59  Books2010-04-14    General Stacks2010-04-14118604 RHEMA Bible Training College2010-04-14
   BT 1102 .S59  Books2010-04-14    General Stacks2010-04-14219568 RHEMA Bible Training College2010-04-14
   BT 1102 .S59  Books2010-04-14    General Stacks2010-04-14419570 RHEMA Bible Training College2010-04-14
   BT 1102 .S59  Books2010-04-14    General Stacks2010-04-14519571 RHEMA Bible Training College2010-04-14
RHEMA Bible Training College 2019-03-28BT 1102 .S59 1Books2010-04-14 22021-12-16 General Stacks2019-03-28319569 RHEMA Bible Training College2010-04-14
RHEMA Bible Training College 2013-09-20BT 1102 .S59 1Books2011-09-30    General Stacks2014-01-31622127 RHEMA Bible Training College2011-09-30
RHEMA Bible Training College  BT 1102 .S59  Books2011-10-11    General Stacks2011-10-11722169 RHEMA Bible Training College2011-10-11